| 000 | 01462nam a22004094i 4500 | ||
|---|---|---|---|
| 999 |
_c64383 _d64383 |
||
| 001 | 2525048 | ||
| 003 | CO-MdFUSB | ||
| 005 | 20180815063500.0 | ||
| 008 | 931025s1994 ilu b 000 0 eng | ||
| 010 | _a 93038941 | ||
| 020 | _a083081809X (alk. paper) | ||
| 040 |
_aDLC _dDLC _bspa _cCO-MdFUSB _erda |
||
| 041 | _aeng | ||
| 082 | 0 | 0 |
_a227.407 _223 _bH249 |
| 100 | 1 |
_aHansen, G. Walter, _d1946- _eautor |
|
| 245 |
_aGalatians _c/ G. Walter Hansen |
||
| 264 | 1 |
_aLeicester, Inglaterra : _bInterVarsity Press, _c℗[1994] |
|
| 264 | 4 | _c©1994 | |
| 300 |
_a212 páginas ; _c23 cm. |
||
| 336 |
_2rdacontent _atexto _btxt |
||
| 337 |
_2rdamedia _asin mediación _bn |
||
| 338 |
_2rdacarrier _avolumen _bnc |
||
| 490 | _aThe IVP New Testa,emt Commentary Series | ||
| 504 | _aIncluye bibliografía (página 203) | ||
| 505 | _aPrefacio general -- Prefacio del autor -- Introducción -- Bosquejo de Galatas -- Commentarios | ||
| 563 | _aTapa dura | ||
| 630 | 0 | 7 |
_aBiblia. _pGalatas |
| 700 |
_aOsborne Grant R. _eeditor serie |
||
| 700 |
_aBriscoe, D.Stuart _econsultor de editores |
||
| 700 |
_aRobinson, Haddon _econsultor de editores |
||
| 830 |
_aThe IVP New Testa,emt Commentary Series _vNo. 4 |
||
| 906 |
_a7 _bcbc _corignew _d1 _eocip _f19 _gy-gencatlg |
||
| 942 | _cBK | ||